000
00199 a2200097 4500
001
11859
100
_a
Bonjour, E
245
_a
Swiss Neutrality
260
_a
_b
George Allen
_c
090
_c
9114
_d
9114
942
_a
NUST-CAE
_c
M
_c
35950
999
_c
246932
_d
246932